书目信息 |
| 题名: |
数控机床及其程序编制
|
|
| 作者: | 王筱薇 主编 | |
| 分册: | ||
| 出版信息: | 杭州 浙江大学出版社 2003 |
|
| 页数: | 135页 | |
| 开本: | 23cm | |
| 丛书名: | ||
| 单 册: | ||
| 中图分类: | TG659 | |
| 科图分类: | ||
| 主题词: | 数控机床--程序设计 , 数控机床 , 程序设计 | |
| 电子资源: | ||
| ISBN: | 7-308-03430-5 | |
| 000 | 00804nam0 2200253 45 | |
| 001 | 030000002454 | |
| 005 | 20050912172237.39 | |
| 010 | @a7-308-03430-5@dCNY15.00 | |
| 100 | @a20031119d2003 em y0chiy0120 ea | |
| 101 | 0 | @achi |
| 102 | @aCN@b330000 | |
| 105 | @aa z 000yy | |
| 200 | 1 | @a数控机床及其程序编制@Ashu kong ji chuang ji qi cheng xu bian zhi@f王筱薇主编@Fwang xiao wei zhu bian |
| 210 | @a杭州@c浙江大学出版社@d2003 | |
| 215 | @a135页@c图@d23cm | |
| 300 | @a21世纪职业高中数控专业系列教材 | |
| 330 | @a本书包括数控机床概述、数控机械结构、计算机数控系统、数控机床编程基础等内容。 | |
| 606 | 0 | @a数控机床@x程序设计 |
| 606 | 0 | @a数控机床 |
| 606 | 0 | @a程序设计 |
| 690 | @aTG659@v4 | |
| 701 | 0 | @a王筱薇@Awang xiao wei@4主编 |
| 801 | 0 | @aCN@bTSSF@c20050912 |
| 905 | @a10447@dTG659@e3 | |
| 数控机床及其程序编制/王筱薇主编.-杭州:浙江大学出版社,2003 |
| 135页:图;23cm |
| 21世纪职业高中数控专业系列教材 |
| ISBN 7-308-03430-5:CNY15.00 |
| 本书包括数控机床概述、数控机械结构、计算机数控系统、数控机床编程基础等内容。 |
| ● |
| 相关链接 |
|
|
|
|
正题名:数控机床及其程序编制
索取号:TG659/3
 
预约/预借
| 序号 | 登录号 | 条形码 | 馆藏地/架位号 | 状态 | 备注 |
| 1 | 0360987 | 3609875 | 第二样本阅览室/ [索取号:TG659/3] | 在馆 | |
| 2 | 0360988 | 3609884 | 第三借阅区/ [索取号:TG659/3] | 在馆 | |
| 3 | 0360989 | 3609893 | 第三借阅区/ [索取号:TG659/3] | 在馆 | |
| 4 | 0360990 | 3609900 | 第三借阅区/ [索取号:TG659/3] | 在馆 | |
| 5 | 0360991 | 3609919 | 第三借阅区/ [索取号:TG659/3] | 在馆 | |
| 6 | 0360992 | 3609928 | 第三借阅区/ [索取号:TG659/3] | 在馆 |